[Event "Botvinnik Cup 2018"]
[Site "Moscow"]
[Date "2018.08.11"]
[Round "4"]
[White "Allahverdiyeva, Ayan"]
[Black "Komliakov, Viktor"]
[Result "0-1"]
[WhiteElo "2046"]
[BlackElo "2366"]
[Annotator "NA"]
[PlyCount "82"]
[EventDate "2018.08.10"]
[EventCountry "RUS"]
[SourceTitle "playchess.com"]
[Source "ChessBase"]
[SourceQuality "1"]
[TimeControl "5400+30"]

1. e4 {[%emt 0:01:05]} g6 {[%emt 0:00:10]} 2. d4 {[%emt 0:01:19]} Bg7 {[%emt 0:00:05]} 3. Nc3 {[%emt 0:00:03]} c6 {[%emt 0:00:03]} 4. Be3 {[%emt 0:01:16]} d5 {[%emt 0:00:22]} 5. f3 {[%emt 0:01:01]} Qb6 {[%emt 0:03:21]} 6. exd5 {[%emt 0:06:31]} Qxb2 {[%emt 0:00:51]} 7. Nge2 {[%emt 0:00:11]} Nf6 {[%emt 0:01:28]} 8. dxc6 {[%emt 0:05:34]} bxc6 {[%emt 0:02:14]} 9. Rb1 {[%emt 0:02:54]} Qa3 {[%emt 0:03:00]} 10. g3 {[%emt 0:04:47]} O-O {[%emt 0:05:33]} 11. Bg2 {[%emt 0:02:14]} Ba6 {[%emt 0:03:09]} 12. Qc1 {[%emt 0:01:40]} Qa5 {[%emt 0:10:34]} 13. Kf2 {[%emt 0:06:33]} Nbd7 {[%emt 0:02:02]} 14. Bh6 {[%emt 0:03:52]} e5 {[%emt 0:04:36]} 15. Be3 {[%emt 0:15:11]} Rfe8 {[%emt 0:02:45]} 16. Re1 {[%emt 0:03:37]} Bxe2 {[%emt 0:13:25]} 17. Nxe2 {[%emt 0:00:48]} Nd5 {[%emt 0:00:06]} 18. Bd2 {[%emt 0:01:39]} Qc7 {[%emt 0:04:11]} 19. c4 {[%emt 0:07:04]} N5b6 {[%emt 0:00:13]} 20. Ba5 {[%emt 0:12:23]} exd4 {[%emt 0:02:39]} 21. Nf4 {[%emt 0:02:30]} Nc5 {[%emt 0:00:33]} 22. Bf1 {[%emt 0:00:06]} Re5 {[%emt 0:06:21]} 23. Qa3 {[%emt 0:01:27]} Rxe1 {[%emt 0:04:41]} 24. Bxb6 {[%emt 0:01:26]} Qc8 {[%emt 0:02:23]} 25. Rxe1 {[%emt 0:05:15]} axb6 {[%emt 0:00:05]} 26. Qb4 {[%emt 0:00:23]} Rxa2+ {[%emt 0:03:00]} 27. Re2 {[%emt 0:00:46]} Rxe2+ {[%emt 0:00:56]} 28. Bxe2 {[%emt 0:00:05]} Qc7 {[%emt 0:00:50]} 29. Nd3 {[%emt 0:00:55]} Bf8 {[%emt 0:02:09]} 30. Qb2 {[%emt 0:00:15]} Ne6 {[%emt 0:01:06]} 31. Qc1 {[%emt 0:03:10]} Qa7 {[%emt 0:03:03]} 32. Qb1 {[%emt 0:01:02]} Qa5 {[%emt 0:01:58]} 33. Qb2 {[%emt 0:01:29]} b5 {[%emt 0:04:06]} 34. cxb5 {[%emt 0:02:32]} cxb5 {[%emt 0:00:21]} 35. f4 {[%emt 0:01:18]} b4 {[%emt 0:00:20]} 36. Bg4 {[%emt 0:00:50]} Qa3 {[%emt 0:01:32]} 37. Qe2 {[%emt 0:02:35]} Nc5 {[%emt 0:01:18]} 38. Nxc5 {[%emt 0:00:56]} Bxc5 {[%emt 0:00:03]} 39. Qe8+ {[%emt 0:01:01]} Bf8 {[%emt 0:00:02]} 40. Be2 {[%emt 0:00:14]} d3 {[%emt 0:01:14]} 41. Qe3 {[%emt 0:00:08]} dxe2 {[%emt 0:00:10]} 0-1

[Event "Botvinnik Cup 2018"]
[Site "Moscow"]
[Date "2018.08.11"]
[Round "4"]
[White "Qalichava, Akaki"]
[Black "Korotylev, Alexey"]
[Result "0-1"]
[WhiteElo "1874"]
[BlackElo "2573"]
[Annotator "ChessBase"]
[PlyCount "58"]
[EventDate "2018.08.10"]
[EventCountry "RUS"]
[SourceTitle "playchess.com"]
[Source "ChessBase"]
[SourceQuality "1"]
[TimeControl "5400+30"]

1. e4 {[%emt 0:00:00]} d6 {[%emt 0:00:00]} 2. d4 {[%emt 0:00:00]} g6 {[%emt 0:00:02]} 3. f4 {[%emt 0:00:00]} Bg7 {[%emt 0:00:08]} 4. Nf3 {[%emt 0:00:09]} c5 {[%emt 0:00:04]} 5. d5 {[%emt 0:00:55]} Nf6 {[%emt 0:00:09]} 6. Nc3 {[%emt 0:00:13]} O-O {[%emt 0:00:03]} 7. Bc4 {[%emt 0:00:18]} b5 {[%emt 0:00:05]} 8. Bxb5 {[%emt 0:06:10]} Nxe4 {[%emt 0:00:02]} 9. Nxe4 {[%emt 0:09:30]} Qa5+ {[%emt 0:00:02]} 10. Nfd2 {[%emt 0:02:58]} Qxb5 {[%emt 0:00:03]} 11. c4 {[%emt 0:00:45]} Qa6 {[%emt 0:02:18]} 12. O-O {[%emt 0:24:04]} Nd7 {[%emt 0:00:28]} 13. Rf3 {[%emt 0:08:12]} Nb6 {[%emt 0:05:00]} 14. Ra3 {[%emt 0:00:35]} Qxa3 {[%emt 0:07:29]} 15. bxa3 {[%emt 0:00:11]} Bxa1 {[%emt 0:00:03]} 16. Nb3 {[%emt 0:04:49]} Bg7 {[%emt 0:02:05]} 17. Qc2 {[%emt 0:03:25]} Bd7 {[%emt 0:03:03]} 18. Bd2 {[%emt 0:08:43]} Bf5 {[%emt 0:10:04]} 19. Be1 {[%emt 0:03:26]} Rfe8 {[%emt 0:03:51]} 20. Qe2 {[%emt 0:11:38]} Bxe4 {[%emt 0:00:08]} 21. Qxe4 {[%emt 0:00:04]} e6 {[%emt 0:00:04]} 22. dxe6 {[%emt 0:00:44]} Rxe6 {[%emt 0:00:05]} 23. Qb1 {[%emt 0:00:05]} Nxc4 {[%emt 0:02:46]} 24. Bf2 {[%emt 0:01:20]} Ne3 {[%emt 0:04:38]} 25. Qc1 {[%emt 0:05:47]} Rae8 {[%emt 0:01:21]} 26. Qd2 {[%emt 0:07:40]} Ng4 {[%emt 0:01:56]} 27. Bg3 {[%emt 0:01:12]} Re2 {[%emt 0:02:50]} 28. Qd1 {[%emt 0:00:19]} Rxg2+ {[%emt 0:02:29]} 29. Kh1 {[%emt 0:00:22]} Rxg3 {[%emt 0:00:12]} 0-1

[Event "Botvinnik Cup 2018"]
[Site "Moscow"]
[Date "2018.08.11"]
[Round "4"]
[White "Sunnatov, Mirfayz"]
[Black "Tologontegin, Semetey"]
[Result "0-1"]
[WhiteElo "1868"]
[BlackElo "2407"]
[Annotator "NA"]
[PlyCount "76"]
[EventDate "2018.08.10"]
[EventCountry "RUS"]
[SourceTitle "playchess.com"]
[Source "ChessBase"]
[SourceQuality "1"]
[TimeControl "5400+30"]

1. d4 {[%emt 0:00:00]} g6 {[%emt 0:00:00]} 2. e4 {[%emt 0:00:00]} Bg7 {[%emt 0:00:00]} 3. Nc3 {[%emt 0:00:06]} c6 {[%emt 0:00:03]} 4. Bc4 {[%emt 0:01:26]} d6 {[%emt 0:00:23]} 5. Nf3 {[%emt 0:00:11]} Nf6 {[%emt 0:01:22]} 6. O-O {[%emt 0:00:29]} O-O {[%emt 0:01:35]} 7. h3 {[%emt 0:00:29]} b5 {[%emt 0:00:26]} 8. Bd3 {[%emt 0:00:27]} a6 {[%emt 0:01:49]} 9. Be3 {[%emt 0:00:49]} Nbd7 {[%emt 0:00:39]} 10. a4 {[%emt 0:02:35]} Bb7 {[%emt 0:00:50]} 11. Qd2 {[%emt 0:07:14]} e5 {[%emt 0:00:32]} 12. axb5 {[%emt 0:09:03]} cxb5 {[%emt 0:00:20]} 13. d5 {[%emt 0:00:07]} Qc7 {[%emt 0:00:48]} 14. Bh6 {[%emt 0:01:34]} Nc5 {[%emt 0:00:54]} 15. Bxg7 {[%emt 0:01:02]} Kxg7 {[%emt 0:00:04]} 16. Nh4 {[%emt 0:04:03]} b4 {[%emt 0:01:23]} 17. Qg5 {[%emt 0:00:51]} Qd8 {[%emt 0:00:13]} 18. Na4 {[%emt 0:12:15]} Nfxe4 {[%emt 0:00:41]} 19. Qg4 {[%emt 0:00:55]} Bc8 {[%emt 0:01:07]} 20. Qf3 {[%emt 0:03:18]} Qxh4 {[%emt 0:04:55]} 21. g3 {[%emt 0:00:21]} Ng5 {[%emt 0:00:40]} 22. Qe2 {[%emt 0:03:21]} Nxh3+ {[%emt 0:02:14]} 23. Kg2 {[%emt 0:00:01]} Nf4+ {[%emt 0:00:11]} 24. gxf4 {[%emt 0:00:01]} Bh3+ {[%emt 0:00:03]} 25. Kg1 {[%emt 0:00:25]} Qxf4 {[%emt 0:00:49]} 26. f3 {[%emt 0:01:15]} Qg3+ {[%emt 0:00:21]} 27. Kh1 {[%emt 0:00:01]} Bxf1 {[%emt 0:00:09]} 28. Qxf1 {[%emt 0:00:12]} Nxa4 {[%emt 0:00:06]} 29. Rxa4 {[%emt 0:00:05]} a5 {[%emt 0:00:02]} 30. c3 {[%emt 0:00:37]} bxc3 {[%emt 0:00:26]} 31. Rg4 {[%emt 0:00:05]} Qxg4 {[%emt 0:00:05]} 32. fxg4 {[%emt 0:00:01]} cxb2 {[%emt 0:00:01]} 33. Qb1 {[%emt 0:01:58]} Rfb8 {[%emt 0:01:10]} 34. Kg2 {[%emt 0:02:49]} a4 {[%emt 0:00:25]} 35. Kf3 {[%emt 0:01:59]} Rb3 {[%emt 0:00:23]} 36. Ke3 {[%emt 0:00:58]} a3 {[%emt 0:00:14]} 37. Qa2 {[%emt 0:00:10]} b1=Q {[%emt 0:00:10]} 38. Qxb1 {[%emt 0:00:20]} Rxb1 {[%emt 0:00:32] Kd4} 0-1

[Event "Botvinnik Cup 2018"]
[Site "Moscow"]
[Date "2018.08.11"]
[Round "4"]
[White "Mailebayev, Sanzhar"]
[Black "Kovalev, Vladislav"]
[Result "0-1"]
[WhiteElo "1820"]
[BlackElo "2667"]
[Annotator "TA"]
[PlyCount "96"]
[EventDate "2018.08.10"]
[EventCountry "RUS"]
[SourceTitle "playchess.com"]
[Source "ChessBase"]
[SourceQuality "1"]

{[%evp 14,96,25,16,14,27,39,28,34,-31,-28,-72,0,-64,-37,-59,-49,-61,-52,-90,-69,-131,-98,-102,-97,-129,-110,-123,-104,-129,-108,-139,-113,-134,-127,-160,-152,-155,-157,-163,-160,-181,-129,-136,-116,-127,-95,-92,-90,-123,-104,-133,-123,-157,-145,-168,-149,-147,-144,-139,-124,-196,-193,-229,-227,-321,-322,-312,-308,-356,-356,-356,-348,-442,-435,-443,-435,-511,-492,-797,-772,-756,-582,-29983,-29984]} 1. e4 c5 2. Nf3 Nf6 3. Nc3 d5 4. exd5 Nxd5 5. Bb5+ Bd7 6. Ne5 Nf6 7. Nxd7 Nbxd7 8. O-O {LiveBook: 4 Games. B29: Sicilian: 2 Nf3 Nf6 (Nimzowitsch Variation)} e6 9. Re1 a6 $146 ({Predecessor:} 9... Bd6 10. d4 O-O 11. dxc5 Nxc5 12. Bf1 Qb6 13. Qf3 Rac8 14. Nb5 Be7 15. c4 a6 {1-0 (94) Ortiz Suarez,I (2592)-Vega Gutierrez,S (2400) Linares 2014}) 10. Bf1 {White is slightly better.} Qc7 11. b3 (11. g3 $14) 11... Bd6 12. h3 Bh2+ 13. Kh1 Be5 $1 14. Bb2 Bd4 15. Qf3 O-O-O $40 {[%mdl 128] Black has some attack.} 16. a3 h5 {[#] ...Ng4! is the strong threat.} 17. Qg3 (17. Nd1 $1 $15) 17... Qxg3 18. fxg3 Bf2 {[%cal Bd4f2,Bf2g3,Bg3e5][%mdl 32]} 19. Red1 Bxg3 20. b4 Be5 21. Rab1 Bd4 22. g3 Rh6 {[%cal Bh8h6,Bh6g6,Bg6g5][%mdl 32]} 23. d3 Rg6 24. Ne2 Bxb2 25. Rxb2 Nd5 26. Bg2 Ne3 27. Re1 Nxg2 (27... c4 $19 28. b5 a5 29. dxc4 Ne5) 28. Kxg2 $17 Rg5 29. Ng1 Rd5 30. Nf3 Kc7 31. Rbb1 Re8 32. Re2 f6 33. Rbe1 e5 34. g4 hxg4 35. hxg4 Rh8 36. Re4 Nf8 37. Ng1 (37. bxc5 $17 Rxc5 38. c4) 37... Ne6 $19 38. Nh3 b5 39. bxc5 (39. Nf2 $142) 39... Rxc5 ({But not} 39... Nxc5 40. Rb4 $19) 40. c4 Rd8 41. R1e3 Rd4 42. cxb5 axb5 43. Rxd4 Nxd4 {KRN-KRN} 44. Re1 Rc3 45. g5 Rxa3 46. g6 (46. gxf6 $142 gxf6 47. Nf2) 46... Rxd3 47. Ra1 Nf5 48. Rf1 Ne3+ {Precision: White = 24%, Black = 76%.} 0-1

[Event "Botvinnik Cup 2018"]
[Site "Moscow"]
[Date "2018.08.11"]
[Round "4"]
[White "Zeliantsova, Kseniya"]
[Black "Khusnutdinov, Rustam"]
[Result "1-0"]
[WhiteElo "1804"]
[BlackElo "2470"]
[Annotator "TA"]
[PlyCount "85"]
[EventDate "2018.08.10"]
[EventCountry "RUS"]
[SourceTitle "playchess.com"]
[Source "ChessBase"]
[SourceQuality "1"]

{[%evp 9,85,18,82,-2,-4,-1,-7,-4,15,5,20,0,0,-11,0,-10,0,0,-6,-28,-2,-6,0,0,0,0,0,0,0,0,0,-34,-43,-56,0,-24,7,0,49,0,40,37,34,27,219,218,282,280,278,273,567,560,600,625,600,595,514,313,450,427,392,352,832,827,794,735,927,527,514,511,485,504,1368,950,5010,5006,29989,29990]} 1. e4 c6 2. d4 d5 3. e5 Bf5 4. h4 Qb6 5. c3 c5 $146 (5... e6 $11 {keeps the balance.}) ({Predecessor:} 5... e6 6. Bd3 Bxd3 7. Qxd3 Qa6 8. Qxa6 Nxa6 9. h5 c5 10. Ne2 f6 11. exf6 Nxf6 12. a3 Bd6 {½-½ (32) Balogh,C (2559)-Asrian,K (2630) Plovdiv 2008}) 6. Bd3 {B12: Caro-Kann: Advance Variation} (6. dxc5 $1 $16 Qxc5 7. Nf3) 6... Bxd3 $11 7. Qxd3 e6 8. Nf3 {The position is equal.} Nc6 9. O-O Rc8 10. Na3 cxd4 11. cxd4 Bxa3 12. bxa3 Nge7 13. Rb1 Qc7 14. Bf4 h6 15. Rfc1 O-O 16. h5 Qd7 17. Qd2 Kh7 18. g4 Ng8 19. Rc3 Nce7 20. Rcb3 b6 21. Nh4 Qc6 (21... Qa4 $15) 22. R1b2 f6 23. Qd3+ Kh8 24. Kh2 Qc4 25. exf6 Nxf6 26. Bd6 Nxg4+ $2 {[#]} (26... Nfg8 $1 $11 {and Black stays safe.}) 27. Kg2 $1 $18 Rxf2+ 28. Rxf2 Nxf2 29. Kxf2 Qc1 $2 (29... Qxd3 30. Rxd3 Ng8) 30. Bxe7 Rc2+ 31. Kg3 Qe1+ 32. Kf4 Re2 33. Kg4 {[%cal Bf4g4,Bg4h3,Bh3g3,Bg3h2][%mdl 32]} (33. Ng6+ Kg8 $11) 33... Re4+ (33... Qg1+ $142 34. Qg3 Qd1) 34. Kh3 Qh1+ 35. Kg3 e5 $2 (35... Qe1+ 36. Kh2 Rxh4+ 37. Bxh4 Qxh4+ 38. Kg2 Qg4+ 39. Qg3 Qe2+ 40. Qf2 Qxh5) 36. dxe5 Qe1+ {[#]} 37. Kh2 $1 Qf2+ 38. Ng2 Rxe5 39. Bh4 Rxh5 40. Qg3 Qxa2 (40... Qxg3+ $142 41. Kxg3 Kh7) 41. Rf3 {Threatening mate with Rf8+.} Kg8 42. Qg4 Re5 43. Bf6 {Precision: White = 53%, Black = 22%.} 1-0

[Event "Botvinnik Cup 2018"]
[Site "Moscow"]
[Date "2018.08.11"]
[Round "4"]
[White "Sakibaev, Nursultan"]
[Black "Egin, Vladimir"]
[Result "1/2-1/2"]
[WhiteElo "1786"]
[BlackElo "2317"]
[Annotator "NA"]
[PlyCount "69"]
[EventDate "2018.08.10"]
[EventCountry "RUS"]
[SourceTitle "playchess.com"]
[Source "ChessBase"]
[SourceQuality "1"]
[TimeControl "5400+30"]

1. d4 {[%emt 0:00:00]} d5 {[%emt 0:00:00]} 2. c4 {[%emt 0:00:00]} dxc4 {[%emt 0:00:00]} 3. e4 {[%emt 0:00:06]} Nf6 {[%emt 0:00:00]} 4. e5 {[%emt 0:00:03]} Nd5 {[%emt 0:00:00]} 5. Bxc4 {[%emt 0:00:05]} Nb6 {[%emt 0:00:00]} 6. Bb3 {[%emt 0:00:25]} Nc6 {[%emt 0:00:08]} 7. Ne2 {[%emt 0:01:03]} Bf5 {[%emt 0:00:13]} 8. Nbc3 {[%emt 0:01:58]} e6 {[%emt 0:00:27]} 9. Be3 {[%emt 0:01:12]} Qd7 {[%emt 0:00:25]} 10. a3 {[%emt 0:09:19]} O-O-O {[%emt 0:00:13]} 11. Bc2 {[%emt 0:04:54]} Bxc2 {[%emt 0:06:18]} 12. Qxc2 {[%emt 0:00:06]} f5 {[%emt 0:00:21]} 13. b4 {[%emt 0:07:18]} Ne7 {[%emt 0:06:48]} 14. Rc1 {[%emt 0:08:26]} Ned5 {[%emt 0:01:39]} 15. Nxd5 {[%emt 0:03:36]} Nxd5 {[%emt 0:00:05]} 16. Nc3 {[%emt 0:08:43]} Qc6 {[%emt 0:03:18]} 17. Nxd5 {[%emt 0:03:02]} Qxc2 {[%emt 0:02:12]} 18. Rxc2 {[%emt 0:00:02]} Rxd5 {[%emt 0:00:04]} 19. Ke2 {[%emt 0:08:44]} Be7 {[%emt 0:01:56]} 20. Rhc1 {[%emt 0:00:43]} c6 {[%emt 0:00:12]} 21. Rc4 {[%emt 0:01:18]} Kd7 {[%emt 0:01:21]} 22. a4 {[%emt 0:02:12]} a6 {[%emt 0:00:09]} 23. Rb1 {[%emt 0:05:20]} g5 {[%emt 0:02:21]} 24. f3 {[%emt 0:01:26]} h5 {[%emt 0:03:03]} 25. Bf2 {[%emt 0:02:19]} Ra8 {[%emt 0:15:20]} 26. Rc2 {[%emt 0:02:59]} g4 {[%emt 0:05:39]} 27. f4 {[%emt 0:03:37]} Bd8 {[%emt 0:00:50]} 28. Rc5 {[%emt 0:01:04]} Be7 {[%emt 0:01:07]} 29. Rc2 {[%emt 0:02:54]} h4 {[%emt 0:03:16]} 30. Rc3 {[%emt 0:00:51]} Rg8 {[%emt 0:03:16]} 31. Rd3 {[%emt 0:02:16]} Kc7 {[%emt 0:09:18]} 32. Rbb3 {[%emt 0:00:56]} Ra8 {[%emt 0:00:30]} 33. Be1 {[%emt 0:04:32]} Rad8 {[%emt 0:10:25]} 34. Bc3 {[%emt 0:02:19]} Rg8 {[%emt 0:01:16]} 35. Be1 {[%emt 0:00:12]} 1/2-1/2

[Event "Botvinnik Cup 2018"]
[Site "Moscow"]
[Date "2018.08.11"]
[Round "4"]
[White "Igen, Amir"]
[Black "Kovalev, Vladislav"]
[Result "0-1"]
[WhiteElo "1778"]
[BlackElo "2667"]
[Annotator "TA"]
[PlyCount "78"]
[EventDate "2018.08.10"]
[EventCountry "RUS"]
[SourceTitle "playchess.com"]
[Source "ChessBase"]
[SourceQuality "1"]

{[%evp 21,78,0,0,-24,-29,-52,-50,-65,-30,-32,-37,-26,-33,-31,-15,-22,-16,-9,0,-22,-30,-26,-27,-61,-61,-77,-77,-77,-68,-66,-46,-77,-77,-77,-34,-61,-62,-74,-66,-66,-64,-73,-65,-72,-55,-169,-175,-166,-174,-197,-196,-218,-216,-215,-207,-241,-226,-241,-223]} 1. d4 Nf6 2. c4 g6 3. Nc3 Bg7 4. e4 d6 5. Nf3 O-O 6. Be2 e5 7. dxe5 dxe5 8. Qxd8 Rxd8 9. Bg5 Re8 10. O-O c6 11. Rad1 Na6 {[%cal Bb8a6,Ba6c5,Bc5e6][%mdl 32]} 12. Rfe1 {E92: King's Indian: Classical: 6 Be2 e5: 7 dxe5, 7 Be3 and Petrosian System without 7...Nbd7} Nc5 13. Bf1 Bg4 14. b4 $146 {Black is slightly better.} ({Predecessor:} 14. h3 Bxf3 15. gxf3 Nh5 16. Be3 Bf8 17. Re2 a5 18. Red2 Nf4 {0-1 (36) Holm,R (2104)-Marin,M (2576) Helsingor 2016}) 14... Bxf3 15. gxf3 Ne6 16. Be3 a5 17. b5 Bf8 18. Rd3 Bb4 $36 {[%mdl 2048] Black has the initiative.} 19. Red1 Nc5 20. Bxc5 Bxc5 21. Bh3 Bd4 22. Ne2 c5 23. Bg2 Nh5 24. a4 Rad8 25. Kf1 Kg7 26. Bh3 Kh6 27. Bg4 Nf6 28. Bh3 Rd6 29. Ng3 Kg7 30. Bg4 Re7 31. Ke1 Ne8 32. Ne2 Nc7 (32... Rd8 {with more complications.} 33. f4 f6 34. f3 Nd6 35. Rc1 Nf7) 33. Nc3 {[#]} (33. f4 $15) 33... Bxc3+ $1 $19 {Black is clearly better.} 34. Rxc3 {[#]} Rd4 $1 35. Bh3 Na8 36. Bf1 Rxd1+ 37. Kxd1 Rd7+ 38. Kc2 Nb6 39. Ra3 Rd4 {Precision: White = 22%, Black = 67%.} 0-1

[Event "Botvinnik Cup 2018"]
[Site "Moscow"]
[Date "2018.08.11"]
[Round "4"]
[White "Orozbaev, Eldiiar"]
[Black "Egin, Vladimir"]
[Result "0-1"]
[WhiteElo "1763"]
[BlackElo "2317"]
[Annotator "NA"]
[PlyCount "114"]
[EventDate "2018.08.10"]
[EventCountry "RUS"]
[SourceTitle "playchess.com"]
[Source "ChessBase"]
[SourceQuality "1"]
[TimeControl "5400+30"]

1. e4 {[%emt 0:00:00]} e5 {[%emt 0:00:00]} 2. Nf3 {[%emt 0:00:00]} Nc6 {[%emt 0:00:00]} 3. Bc4 {[%emt 0:00:21]} Bc5 {[%emt 0:00:00]} 4. c3 {[%emt 0:00:05]} Nf6 {[%emt 0:00:00]} 5. d3 {[%emt 0:00:04]} a6 {[%emt 0:00:00]} 6. O-O {[%emt 0:00:35]} d6 {[%emt 0:00:06]} 7. a4 {[%emt 0:00:34]} Ba7 {[%emt 0:01:59]} 8. Be3 {[%emt 0:00:06]} O-O {[%emt 0:00:18]} 9. Nbd2 {[%emt 0:00:24]} d5 {[%emt 0:01:09]} 10. exd5 {[%emt 0:04:58]} Nxd5 {[%emt 0:00:04]} 11. Re1 {[%emt 0:01:04]} Nxe3 {[%emt 0:01:43]} 12. fxe3 {[%emt 0:00:21]} Bf5 {[%emt 0:00:17]} 13. Nf1 {[%emt 0:11:32]} Qd7 {[%emt 0:07:02]} 14. Ng3 {[%emt 0:05:28]} Bg4 {[%emt 0:04:18]} 15. b4 {[%emt 0:02:01]} Rfe8 {[%emt 0:05:52]} 16. a5 {[%emt 0:28:40]} Rad8 {[%emt 0:03:38]} 17. b5 {[%emt 0:03:07]} axb5 {[%emt 0:01:01]} 18. Bxb5 {[%emt 0:00:04]} Qd6 {[%emt 0:01:25]} 19. a6 {[%emt 0:03:40]} bxa6 {[%emt 0:03:44]} 20. Rxa6 {[%emt 0:01:14]} Bb6 {[%emt 0:02:10]} 21. Qa4 {[%emt 0:02:31]} Bd7 {[%emt 0:00:18]} 22. Ne4 {[%emt 0:06:07]} Qg6 {[%emt 0:01:10]} 23. c4 {[%emt 0:01:24]} f5 {[%emt 0:06:33]} 24. Nc3 {[%emt 0:04:36]} Nb8 {[%emt 0:03:49]} 25. Bxd7 {[%emt 0:11:51]} Nxd7 {[%emt 0:00:52]} 26. Rxb6 {[%emt 0:06:55]} Nxb6 {[%emt 0:00:33]} 27. Qa2 {[%emt 0:03:14]} Rxd3 {[%emt 0:02:44]} 28. c5+ {[%emt 0:00:15]} Qf7 {[%emt 0:04:06]} 29. Qc2 {[%emt 0:01:53]} Qc4 {[%emt 0:00:53]} 30. cxb6 {[%emt 0:00:06]} Qxc3 {[%emt 0:02:29]} 31. Qa4 {[%emt 0:00:52]} Rb8 {[%emt 0:04:03]} 32. b7 {[%emt 0:01:17]} Qb3 {[%emt 0:00:43]} 33. Qc6 {[%emt 0:00:03]} Qd5 {[%emt 0:03:15]} 34. Qxc7 {[%emt 0:00:34]} Qxb7 {[%emt 0:00:14]} 35. Qxe5 {[%emt 0:00:08]} Rd5 {[%emt 0:01:00]} 36. Qe6+ {[%emt 0:00:57]} Qf7 {[%emt 0:00:31]} 37. Qc6 {[%emt 0:00:05]} Rbd8 {[%emt 0:00:15]} 38. Nd4 {[%emt 0:01:22]} f4 {[%emt 0:01:02]} 39. Rf1 {[%emt 0:00:25]} R5d6 {[%emt 0:03:19]} 40. Qe4 {[%emt 0:00:31]} Rf6 {[%emt 0:03:00]} 41. g3 {[%emt 0:00:34]} fxe3 {[%emt 0:00:43]} 42. Re1 {[%emt 0:00:30]} Qd5 {[%emt 0:03:25]} 43. Qxd5+ {[%emt 0:00:17]} Rxd5 {[%emt 0:00:25]} 44. Nc2 {[%emt 0:00:02]} Rd2 {[%emt 0:01:02]} 45. Nxe3 {[%emt 0:00:03]} Re6 {[%emt 0:00:07]} 46. h4 {[%emt 0:01:05]} h5 {[%emt 0:02:42]} 47. Kf1 {[%emt 0:00:49]} Kf7 {[%emt 0:00:12]} 48. Kg1 {[%emt 0:00:02]} Kg6 {[%emt 0:00:15]} 49. Kf1 {[%emt 0:00:33]} Rf6+ {[%emt 0:00:22]} 50. Kg1 {[%emt 0:00:07]} Rff2 {[%emt 0:00:15]} 51. Nf1 {[%emt 0:00:55]} Rde2 {[%emt 0:00:33]} 52. Rb1 {[%emt 0:00:12]} Kf5 {[%emt 0:01:22]} 53. Rb4 {[%emt 0:00:30]} Rb2 {[%emt 0:01:15]} 54. Ra4 {[%emt 0:00:35]} Kg6 {[%emt 0:01:49]} 55. Ra6+ {[%emt 0:00:38]} Rf6 {[%emt 0:00:48]} 56. Ra5 {[%emt 0:00:13]} Rb1 {[%emt 0:00:07]} 57. Rg5+ {[%emt 0:00:22]} Kh6 {[%emt 0:00:04]} 0-1

[Event "Botvinnik Cup 2018"]
[Site "Moscow"]
[Date "2018.08.11"]
[Round "4"]
[White "Omonova, Umida"]
[Black "Tologontegin, Semetey"]
[Result "1/2-1/2"]
[WhiteElo "1762"]
[BlackElo "2407"]
[Annotator "NA"]
[PlyCount "92"]
[EventDate "2018.08.10"]
[EventCountry "RUS"]
[SourceTitle "playchess.com"]
[Source "ChessBase"]
[SourceQuality "1"]
[TimeControl "5400+30"]

1. e4 {[%emt 0:00:00]} g6 {[%emt 0:00:00]} 2. d4 {[%emt 0:00:00]} Bg7 {[%emt 0:00:00]} 3. Nc3 {[%emt 0:01:15]} c6 {[%emt 0:00:08]} 4. Nf3 {[%emt 0:01:32]} d6 {[%emt 0:02:15]} 5. Be2 {[%emt 0:00:11]} Nf6 {[%emt 0:00:27]} 6. O-O {[%emt 0:00:31]} Qc7 {[%emt 0:00:20]} 7. Be3 {[%emt 0:03:46]} O-O {[%emt 0:00:33]} 8. Qd2 {[%emt 0:00:48]} Ng4 {[%emt 0:00:14]} 9. Bf4 {[%emt 0:01:50]} e5 {[%emt 0:00:03]} 10. Bg3 {[%emt 0:00:44]} Nd7 {[%emt 0:00:18]} 11. h3 {[%emt 0:01:33]} Ngf6 {[%emt 0:00:06]} 12. dxe5 {[%emt 0:04:00]} dxe5 {[%emt 0:00:07]} 13. Rad1 {[%emt 0:01:06]} Re8 {[%emt 0:01:00]} 14. Bc4 {[%emt 0:01:26]} h6 {[%emt 0:01:15]} 15. Rfe1 {[%emt 0:03:24]} Nh5 {[%emt 0:00:45]} 16. Bh2 {[%emt 0:05:47]} Nb6 {[%emt 0:03:02]} 17. Bb3 {[%emt 0:01:28]} Be6 {[%emt 0:00:52]} 18. Qd6 {[%emt 0:07:34]} Qxd6 {[%emt 0:00:13]} 19. Rxd6 {[%emt 0:00:02]} Bxb3 {[%emt 0:00:04]} 20. axb3 {[%emt 0:00:19]} Bf8 {[%emt 0:00:02]} 21. Rd3 {[%emt 0:01:14]} f6 {[%emt 0:02:12]} 22. Red1 {[%emt 0:04:12]} Ng7 {[%emt 0:00:21]} 23. Nd2 {[%emt 0:07:26]} Ne6 {[%emt 0:00:46]} 24. Nc4 {[%emt 0:00:22]} Nxc4 {[%emt 0:03:49]} 25. bxc4 {[%emt 0:00:03]} Nd4 {[%emt 0:00:42]} 26. R1d2 {[%emt 0:00:46]} Bb4 {[%emt 0:02:14]} 27. Kf1 {[%emt 0:01:28]} Kf7 {[%emt 0:01:00]} 28. f4 {[%emt 0:01:58]} Bd6 {[%emt 0:01:40]} 29. Ne2 {[%emt 0:00:40]} Nxe2 {[%emt 0:00:09]} 30. Kxe2 {[%emt 0:00:02]} Bc7 {[%emt 0:00:02]} 31. Rd7+ {[%emt 0:01:37]} Re7 {[%emt 0:00:01]} 32. fxe5 {[%emt 0:01:01]} Bxe5 {[%emt 0:00:40]} 33. Bxe5 {[%emt 0:00:32]} fxe5 {[%emt 0:00:05]} 34. Ke3 {[%emt 0:00:08]} Rae8 {[%emt 0:00:22]} 35. c5 {[%emt 0:03:41]} Rxd7 {[%emt 0:00:43]} 36. Rxd7+ {[%emt 0:00:09]} Re7 {[%emt 0:00:03]} 37. Rxe7+ {[%emt 0:01:13]} Kxe7 {[%emt 0:00:38]} 38. b4 {[%emt 0:00:09]} Kf6 {[%emt 0:00:48]} 39. Kf3 {[%emt 0:00:46]} Kg5 {[%emt 0:00:07]} 40. g3 {[%emt 0:00:11]} h5 {[%emt 0:00:06]} 41. h4+ {[%emt 0:00:06]} Kf6 {[%emt 0:00:02]} 42. Ke3 {[%emt 0:00:08]} Ke6 {[%emt 0:00:28]} 43. Kd3 {[%emt 0:00:05]} Kd7 {[%emt 0:00:02]} 44. Kc4 {[%emt 0:00:07]} Kc7 {[%emt 0:00:02]} 45. Kb3 {[%emt 0:00:18]} Kb8 {[%emt 0:00:50]} 46. Ka4 {[%emt 0:00:05]} Kc7 {[%emt 0:00:16]} 1/2-1/2